[Event "Rheinland Pfalz op 3rd"]
[Site "Gau Algesheim"]
[Date "2011.07.28"]
[Round "1"]
[White "Klundt, Klaus"]
[Black "Welsch, Roland"]
[Result "1-0"]
[WhiteElo "2377"]
[BlackElo "1846"]
[PlyCount "63"]
[EventDate "2011.07.28"]
[EventType "swiss"]
[EventRounds "7"]
[EventCountry "GER"]
[SourceTitle "EXT 2013"]
[Source "ChessBase"]
[SourceDate "2012.11.22"]
[SourceVersion "1"]
[SourceVersionDate "2012.11.22"]
[SourceQuality "1"]

1. e4 d5 2. exd5 Nf6 3. d4 Bg4 4. Nf3 Qxd5 5. Be2 Nc6 6. h3 Bxf3 7. Bxf3 Qf5 8. 0-0 e6 9. c4 Be7 10. Qa4 0-0 11. Be3 Nd8 12. Nc3 c6 13. Rad1 e5 14. d5 e4 15. Qc2 cxd5 16. Nxd5 Nxd5 17. Rxd5 Qe6 18. Bxe4 h6 19. Rfd1 Nc6 20. Bf5 Qf6 21. Qb3 b6 22. Bb1 g5 23. Qc2 Qg7 24. Qa4 Rac8 25. Bf5 Rc7 26. Rd7 Rfc8 27. Rxe7 Nxe7 28. Bxc8 Nxc8 29. Rd8+ Kh7 30. Bd4 f6 31. Qc2+ Qg6 32. Rh8+ 1-0